10 największych miasta w USA - Statystyki

Ogólne statystyki
  • Ten quiz został rozwiązany 201 razy
  • Średni wynik to 5 z 10
Statystyki odpowiedzi
Populacja Miasto % Poprawnych
8 336 818 Nowy Jork
100%
3 979 576 Los Angeles
94%
2 693 976 Chicago
80%
1 343 573 Dallas
50%
1 584 064 Filadelfia
46%
2 320 268 Houston
46%
1 423 851 San Diego
33%
1 680 992 Phoenix
31%
1 547 253 San Antonio
29%
1 021 795 San Jose
15%
Nie znaleziono quizów pasujących do podanych kryteriów
Rozkład punktacji
Procent ludzi z każdym wynikiem
Percentyl według liczby udzielonych odpowiedzi
Twoja historia wyników
Nie rozwiązałeś tego quizu